000 00471nmm a2200157Ia 4500
008 251105s9999||||xx |||||||||||||||||und||
020 _a9788425229466
041 _aspa
100 _aScott, Grant
245 0 _aGuía esencial del estudiante de fotografía profesional
264 _a[Madrid, España] :
_bEditorial Gustavo Gili,
_c2017
300 _a192 páginas
650 _aArts in general
856 _uhttps://public.digitaliapublishing.com/a/49674
942 _cCF
999 _c80329
_d80329